|
|
|
|
| LEADER |
01963nam a2200409 a 4500 |
| 001 |
mzk03001050640 |
| 003 |
CZ BrMZK |
| 005 |
20130702180616.0 |
| 007 |
ta |
| 008 |
070529s1756 gw fr|||||00| ||czeod |
| 040 |
|
|
|a BOA001
|b cze
|
| 072 |
|
7 |
|a 094
|x Staré tisky
|2 Konspekt
|9 12
|
| 080 |
|
|
|a (0.068)094
|2 MRF
|
| 100 |
1 |
|
|a Rosacius Hořovský, Jan,
|d 1581-1632
|7 jk01102689
|4 aut
|
| 245 |
1 |
0 |
|a Koruna Nevwadlá Mučedlnjkůw Božjch Cžeských :
|b To gest Prawdiwá Spráwa o Pobožném se k Smrti připrawowánj Wěrných, a při Prawdě Božj stalých Cžechůw: Kteřj pro zastáwánj Cti a Sláwy Božj, a Náboženstwj pod Obogj od Krysta Pána nařjzeného, a swobod zemských, 21 Junij, Léta 1621. w Starém Městě Pražském Žiwoty swé wynaložili, a s welikým potěssenjm, a s znamenitau podiwnau a Srdečnau Horliwostj a chtiwostj k Smrti se Pánu Bohu oddáwali. Sepsaná wěrně a prawdiwě od toho kterýž toho přjtomen byl, wsseckno widěl a slyssel
|
| 260 |
|
|
|a [Berlín ;
|a nebo Žitava :
|b s.n.],
|c 1756
|
| 300 |
|
|
|a 71 s. ;
|c 12°
|
| 500 |
|
|
|a Výzdoba: Vlys, viněta
|
| 501 |
|
|
|a Přívazek 1 k Hystorja O těžkých Protiwenstwjch Cýrkwe České ...
|
| 510 |
4 |
|
|a Knihopis,
|c K14891
|
| 653 |
|
|
|a Čechy - persekuce pobělohorská - poprava 21.6.1621
|
| 653 |
|
|
|a dějiny české - 1621
|
| 653 |
|
|
|a poprava 27 českých pánů - Praha 1621 - popisy
|
| 653 |
|
|
|a Praha - popravy 27 českých pánů - 1621
|
| 655 |
|
7 |
|a staré tisky
|7 fd422076
|2 czenas
|
| 856 |
4 |
1 |
|u https://imageserver.mzk.cz/mzk03/001/050/640/001050640
|y Digitalizovaný dokument
|
| 903 |
|
|
|a RP
|
| 910 |
|
|
|a BOA001
|b Ks-0866.608,přív.1
|
| 978 |
|
|
|b S.n.
|a Berlin
|c 1756
|
| 978 |
|
|
|b S.n.
|a Zittau
|c 1756
|
| 984 |
|
|
|a Berlín
|b Německo
|
| 984 |
|
|
|a Žitava
|b Německo
|
| 985 |
|
|
|a 1751-1800
|
| 990 |
|
|
|a BK
|
| 993 |
|
|
|a Y
|
| 991 |
|
|
|k mzk
|
| 994 |
|
|
|a UP
|l MZK03
|b 001050305
|m přívazek 1
|n záznam 1. díla (pro objednání pokračujte kliknutím)
|